| 000 | 01659nam a2200385 a 4500 | ||
|---|---|---|---|
| 001 | ebr10197120 | ||
| 003 | CaPaEBR | ||
| 006 | m u | ||
| 007 | cr cn||||||||| | ||
| 008 | 070413s2007 enkag sb 001 0 eng | ||
| 010 | _z 2007015702 | ||
| 015 |
_aGBA728204 _2bnb |
||
| 016 | 7 |
_z013715299 _2Uk |
|
| 020 | _z9780199208968 (alk. paper) | ||
| 020 | _z0199208964 (alk. paper) | ||
| 040 |
_aCaPaEBR _cCaPaEBR |
||
| 035 | _a(OCoLC)181734443 | ||
| 043 | _ae-uk--- | ||
| 050 | 1 | 4 |
_aPR461 _b.D34 2007eb |
| 082 | 0 | 4 |
_a820.9008 _222 |
| 100 | 1 |
_aDames, Nicholas, _d1970- |
|
| 245 | 1 | 4 |
_aThe physiology of the novel _h[electronic resource] : _breading, neural science, and the form of Victorian fiction / _cNicholas Dames. |
| 260 |
_aOxford ; _aNew York : _bOxford University Press, _c2007. |
||
| 300 |
_avii, 277 p. : _bill., music. |
||
| 504 | _aIncludes bibliographical references (p. [256]-272) and index. | ||
| 533 |
_aElectronic reproduction. _bPalo Alto, Calif. : _cebrary, _d2013. _nAvailable via World Wide Web. _nAccess may be limited to ebrary affiliated libraries. |
||
| 650 | 0 |
_aEnglish literature _y19th century _xHistory and criticism _xTheory, etc. |
|
| 650 | 0 |
_aEnglish literature _y19th century _xHistory and criticism. |
|
| 650 | 0 |
_aBooks and reading _zGreat Britain _xHistory _y19th century. |
|
| 650 | 0 |
_aReader-response criticism _zGreat Britain. |
|
| 650 | 0 |
_aLiterature and society _zGreat Britain _xHistory _y19th century. |
|
| 655 | 7 |
_aElectronic books. _2local |
|
| 710 | 2 | _aebrary, Inc. | |
| 856 | 4 | 0 |
_uhttp://site.ebrary.com/lib/rucke/Doc?id=10197120 _zAn electronic book accessible through the World Wide Web; click to view |
| 999 |
_c218463 _d218463 |
||